00853nam a22002177a 450000500170000000800410001704100080005804400070006608200190007311100480009224500500014026000460019030000440023665000440028065000570032465000630038165000750044465000590051970000370057870000200061520140304093216.0140304t2002 ck ab gr 10010 spa d0 aspa ack04a333.9162bF98m2 aEncuentro Mundial de Ríosd2002cBogotá10aMemorias / c3er. Encuentro Mundial de Ríos3 aBogotábFundación al Verde Vivoc2002 a162 p.bil., fot., mapas, tablasc27 cm 6aRíosv Congresos, conferencias, etc.. 6aRecursos hídricosv Congresos, conferencias, etc.. aContaminación de ríosv Congresos, conferencias, etc.. 6aConservación de recursos hídricosv Congresos, conferencias, etc.. 6aProblemas ambientalesv Congresos, conferencias, etc..1 aVásquez Lalinde, Fernandoeed.1 aRoa, Caroletr.